[Event "Superettan(Rodeby-Manhem II)"]
[Site "?"]
[Date "2009.10.25"]
[Round "2"]
[White "Andersson, Goran"]
[Black "Greiff, Hakan"]
[Result "0-1"]
[WhiteElo "2205"]
[BlackElo "2292"]
[PlyCount "116"]

1. e4 e5 2. Nf3 Nc6 3. Bb5 a6 4. Ba4 d6 5. c3 Bd7 6. d4 Nge7 7. Bb3 h6 8. Qe2
b5 9. a4 Na5 10. Bc2 Ng6 11. Na3 bxa4 12. O-O Be7 13. Be3 O-O 14. Bd3 Qc8 15.
Nd2 c5 16. dxc5 dxc5 17. Nac4 Nxc4 18. Bxc4 Bc6 19. Ra2 Qb7 20. Qg4 Kh7 21. g3
Rad8 22. Re1 Bd7 23. Qf3 Kg8 24. Bd5 Qc8 25. Qe2 Bb5 26. c4 Bd7 27. Rea1 Bg5
28. Bxg5 hxg5 29. Qh5 Ne7 30. Qxg5 Nxd5 31. exd5 Qc7 32. Re1 f6 33. Qe3 Rb8 34.
Ne4 Rfc8 35. Qf3 Rb4 36. Qh5 Rf8 37. Rc1 Be8 38. Qe2 f5 39. Ng5 Qd6 40. Ne6 Rf6
41. Qe3 f4 42. Nxf4 exf4 43. Qxe8+ Rf8 44. Qe4 Qf6 45. Rc2 Rf7 46. Re2 Qd4 47.
Qe8+ Rf8 48. Qe6+ Rf7 49. Re4 Qd1+ 50. Kg2 Rxc4 51. Rxf4 Rcxf4 52. gxf4 Qd4 53.
Qe8+ Rf8 54. Qe6+ Rf7 55. b3 axb3 56. Rxa6 Qxf4 57. Qc8+ Rf8 58. Qxc5 Qe4+ 0-1

[Event "Superettan(Rodeby-Manhem II)"]
[Site "?"]
[Date "2009.10.25"]
[Round "2"]
[White "Svensson, Anders"]
[Black "Lundstrom, Mattias"]
[Result "1-0"]
[WhiteElo "2350"]
[BlackElo "2119"]
[PlyCount "35"]

1. c4 c6 2. g3 d5 3. Bg2 Nf6 4. d4 Nbd7 5. Nd2 e6 6. Ngf3 Bd6 7. O-O O-O 8. Qc2
Re8 9. Rd1 c5 10. cxd5 exd5 11. e3 b6 12. dxc5 Nxc5 13. b4 Nce4 14. Nxe4 Rxe4
15. Ng5 Re7 16. Bxd5 Bb7 17. Bb2 Rc7 18. Bxf6 1-0

[Event "Superettan(Rodeby-Manhem II)"]
[Site "?"]
[Date "2009.10.25"]
[Round "2"]
[White "Pettersson, Anders"]
[Black "Laksman, Efraim"]
[Result "1/2-1/2"]
[WhiteElo "2103"]
[BlackElo "2247"]
[PlyCount "157"]

1. d4 Nf6 2. c4 g6 3. Nc3 Bg7 4. e4 d6 5. Nge2 O-O 6. Ng3 c5 7. d5 e6 8. Be2
exd5 9. exd5 Re8 10. Bg5 h6 11. Be3 Nbd7 12. Qd2 Ne5 13. h3 a6 14. O-O h5 15.
f4 Ned7 16. Bd3 Ng4 17. hxg4 Rxe3 18. Nge2 Re8 19. f5 Ne5 20. gxh5 Nxd3 21.
fxg6 fxg6 22. Qxd3 Qg5 23. Qxg6 Qxg6 24. hxg6 Bg4 25. Rae1 b5 26. Nf4 Bd4+ 27.
Kh2 bxc4 28. Ne4 Be5 29. g3 Rab8 30. Rf2 Bd4 31. Rc2 Bf5 32. Rce2 Bxe4 33. Rxe4
Rxb2+ 34. Kh3 Re5 35. Ne6 Rxd5 36. Rf1 Rb8 37. Ref4 Bg7 38. Rf7 Bh6 39. Rh7 Re5
40. Rf6 Re8 41. Nc7 R8e7 42. Rxe7 Rxe7 43. Nd5 Rd7 44. Kg4 c3 45. Nxc3 d5 46.
Rf5 Kg7 47. Nxd5 Kxg6 48. Nf4+ Bxf4 49. Rxf4 Rb7 50. a3 Rb5 51. Ra4 Rb6 52. Rc4
Rc6 53. Kf4 Kf6 54. g4 Rd6 55. Ke4 Kg5 56. Ke5 Rd1 57. Rxc5 Kxg4 58. Ra5 Re1+
59. Kd5 Kf5 60. Rxa6 Rd1+ 61. Kc5 Ke5 62. Ra8 Rc1+ 63. Kb5 Kd6 64. Ra7 Rb1+ 65.
Ka5 Kc6 66. Rh7 Rb7 67. Rh6+ Kc7 68. Ka6 Rb8 69. Rh7+ Kc6 70. Ka7 Rb3 71. a4
Ra3 72. Rh4 Kc7 73. Rc4+ Kd6 74. Kb6 Rb3+ 75. Ka6 Rb1 76. a5 Kd7 77. Ka7 Rb2
78. a6 Rb1 79. Ka8 1/2-1/2

[Event "Superettan(Rodeby-Manhem II)"]
[Site "?"]
[Date "2009.10.25"]
[Round "2"]
[White "Bernhardsson, Sten"]
[Black "Bergre, Joachim"]
[Result "0-1"]
[WhiteElo "2071"]
[BlackElo "2084"]
[PlyCount "120"]

1. d4 g6 2. e4 Bg7 3. Nf3 d6 4. Bc4 Nc6 5. O-O Nf6 6. Qe2 Bg4 7. c3 e5 8. d5
Ne7 9. Nbd2 O-O 10. h3 Bc8 11. Bb3 h6 12. Nc4 Nd7 13. Nh2 f5 14. f4 exf4 15.
Bxf4 fxe4 16. Qxe4 Nc5 17. Qe2 Nxb3 18. axb3 Nxd5 19. Bg3 Nf6 20. Nf3 Bd7 21.
Nh4 Nh5 22. Rxf8+ Bxf8 23. Bf2 Nf4 24. Qe4 g5 25. Ne3 Bc6 26. Qf5 Qd7 27. Qxd7
Bxd7 28. Nf3 a6 29. Nd4 Re8 30. Rd1 Kf7 31. Kf1 Kg6 32. Nc4 Bg7 33. Na5 Bc8 34.
Nc4 Ne6 35. Re1 Bd7 36. Rd1 Nc5 37. Kg1 Ne4 38. Nf3 Nxf2 39. Kxf2 Bb5 40. Nd4
Bd7 41. Nf3 Bf6 42. Ne3 h5 43. Nd5 Bd8 44. Ne3 Be6 45. Nc4 Bf5 46. Nd4 Bc8 47.
Rd2 g4 48. hxg4 hxg4 49. Ne2 Bh4+ 50. g3 Bg5 51. Nf4+ Bxf4 52. gxf4 Rh8 53. Rd5
Rh2+ 54. Kg3 Rh3+ 55. Kg2 b6 56. Rd4 Bb7+ 57. Kf1 g3 58. f5+ Kf6 59. Rg4 Bf3
60. Rg8 Rh1# 0-1

[Event "Superettan(Rodeby-Manhem II)"]
[Site "?"]
[Date "2009.10.25"]
[Round "2"]
[White "Larsson, Dan"]
[Black "Ostling, Hakan"]
[Result "0-1"]
[WhiteElo "2113"]
[BlackElo "2178"]
[PlyCount "62"]

1. e4 g6 2. d4 Bg7 3. Nc3 d6 4. f4 a6 5. a4 b6 6. Nf3 Nd7 7. Bd3 c5 8. d5 Qc7
9. Qe2 Bb7 10. Bd2 Ngf6 11. O-O O-O 12. Rae1 Rfe8 13. Bc4 e6 14. dxe6 fxe6 15.
Qd3 Nxe4 16. Bxe6+ Rxe6 17. Nxe4 c4 18. Qa3 Rxe4 19. Bb4 Nc5 20. Ng5 Ree8 21.
f5 gxf5 22. Qg3 h6 23. Nh3 a5 24. Bc3 Ne4 25. Qg6 Qf7 26. Qxf7+ Kxf7 27. Rxf5+
Kg6 28. g4 Nxc3 29. Nf4+ Kh7 30. Rxe8 Rxe8 31. bxc3 Rf8 0-1

[Event "Superettan(Rodeby-Manhem II)"]
[Site "?"]
[Date "2009.10.25"]
[Round "2"]
[White "Eriksson, Bengt"]
[Black "Eriksson, Mats"]
[Result "1-0"]
[WhiteElo "2009"]
[BlackElo "2080"]
[PlyCount "51"]

1. d4 d5 2. Bg5 Nd7 3. c4 c6 4. cxd5 cxd5 5. Nc3 Ngf6 6. e3 e6 7. Bd3 Be7 8.
Nf3 O-O 9. O-O Ne8 10. Bxe7 Qxe7 11. Qc2 Ndf6 12. Ne5 Nd6 13. g4 h6 14. f4 Bd7
15. Rf3 Rac8 16. Qg2 Nfe4 17. Bxe4 Nxe4 18. Nxe4 dxe4 19. Rh3 Rc7 20. g5 Rfc8
21. Rf1 hxg5 22. fxg5 Rc1 23. g6 fxg6 24. Rh8+ Kxh8 25. Nxg6+ Kh7 26. Nxe7 1-0

[Event "Superettan(Rodeby-Manhem II)"]
[Site "?"]
[Date "2009.10.25"]
[Round "2"]
[White "Outgajjouft, Said"]
[Black "Dolgov, Mikhail"]
[Result "1-0"]
[WhiteElo "2091"]
[BlackElo "2040"]
[PlyCount "117"]

1. e4 e5 2. Nf3 Nc6 3. d4 exd4 4. Bc4 Nf6 5. e5 d5 6. Bb5 Ne4 7. Nxd4 Bd7 8.
Bxc6 bxc6 9. O-O Bc5 10. f3 Ng5 11. f4 Ne4 12. Be3 Qh4 13. Nd2 Bg4 14. Qc1 Bxd4
15. Bxd4 c5 16. Nxe4 cxd4 17. Nc5 Qe7 18. b4 a5 19. a3 Be2 20. Re1 Bc4 21. Qd2
axb4 22. axb4 O-O 23. Qxd4 Rfb8 24. c3 Qe8 25. Rxa8 Rxa8 26. f5 Ra2 27. Qg4 f6
28. Ne6 Qf7 29. exf6 Qxf6 30. Nd4 h6 31. h3 Qg5 32. Qxg5 hxg5 33. Re7 Ra1+ 34.
Kh2 Rc1 35. Ne6 d4 36. cxd4 Bxe6 37. fxe6 Rc4 38. d5 Rxb4 39. Rxc7 Rd4 40. Rd7
Kf8 41. Rf7+ Ke8 42. Rf5 Ke7 43. Kg3 Rd2 44. Rf7+ Ke8 45. Rf5 Ke7 46. Kf3 g4+
47. hxg4 g6 48. Re5 Rd1 49. Kf4 Rd2 50. Kg5 Rd4 51. g3 Kd8 52. Kf6 Rd1 53. e7+
Ke8 54. Ke6 Rd2 55. d6 Rd4 56. Ra5 Re4+ 57. Kd5 Re1 58. Ra8+ Kf7 59. Rf8+ 1-0

[Event "Superettan(Rodeby-Manhem II)"]
[Site "?"]
[Date "2009.10.25"]
[Round "2"]
[White "Lennerstad, Hakan"]
[Black "von Bromssen, Goran"]
[Result "1/2-1/2"]
[WhiteElo "1800"]
[BlackElo "2047"]
[PlyCount "92"]

1. Nf3 Nf6 2. g3 d6 3. c4 c6 4. Bg2 Qc7 5. d4 Nbd7 6. Nc3 e5 7. e4 Be7 8. O-O
O-O 9. b3 Re8 10. Bb2 a6 11. Rc1 Qb8 12. Qc2 b5 13. a4 Bb7 14. a5 Bd8 15. dxe5
dxe5 16. b4 c5 17. Ba3 cxb4 18. Bxb4 bxc4 19. Nd2 Bc6 20. Na2 Be7 21. Bxe7 Rxe7
22. Nxc4 Bb5 23. Rfd1 Qc7 24. Qd2 Bxc4 25. Bf1 Nxe4 26. Qb4 Qc5 27. Qxc5 Nexc5
28. Rxc4 Ree8 29. Rd5 Rec8 30. Bh3 Rd8 31. Rcxc5 Nxc5 32. Rxc5 e4 33. Nb4 g6
34. Nd5 Rab8 35. Bf1 Rb1 36. Kg2 f5 37. Bxa6 Ra1 38. Bc4 Kg7 39. a6 Ra4 40. Nf4
Kh6 41. Rc7 Rd2 42. Bg8 Kg5 43. a7 e3 44. Bd5 e2 45. Re7 e1=Q 46. Rxe1 Rxa7
1/2-1/2

[Event "Superettan(Orebro-SodraSASS)"]
[Site "?"]
[Date "2009.11.14"]
[Round "2"]
[White "Furhoff, Johan"]
[Black "Nygren, Kim"]
[Result "1/2-1/2"]
[WhiteElo "2411"]
[BlackElo "2328"]
[PlyCount "80"]
[SourceDate "2009.11.18"]

1. e4 d5 2. exd5 Nf6 3. d4 Bg4 4. Be2 Bxe2 5. Qxe2 Qxd5 6. Nf3 Nc6 7. Nc3 Qh5
8. Bf4 O-O-O 9. Rd1 e6 10. O-O Bd6 11. Bxd6 Rxd6 12. Rfe1 Rhd8 13. Nb5 Rd5 14.
c4 R5d7 15. Qe3 Ng4 16. Qe4 a6 17. Nc3 Nxd4 18. Rxd4 Rxd4 19. Nxd4 Qxh2+ 20.
Kf1 Nf6 21. Qe3 Ng4 22. Qe4 Nf6 23. Nf3 Qh1+ 24. Ke2 Qxg2 25. Qe3 Qg4 26. b3
Nh5 27. Rg1 Nf4+ 28. Ke1 Qf5 29. Nd4 Qf6 30. Nde2 g5 31. Rxg5 Nd3+ 32. Kf1 Nxf2
33. Kg2 Nd3 34. Rg3 Ne1+ 35. Kg1 Rd3 36. Qf2 Nf3+ 37. Kg2 Nh4+ 38. Kf1 Nf3 39.
Kg2 Nh4+ 40. Kf1 Nf3 1/2-1/2

[Event "Superettan(Orebro-SodraSASS)"]
[Site "?"]
[Date "2009.11.14"]
[Round "2"]
[White "Gruvaeus, Curt"]
[Black "Sjoberg, Mats"]
[Result "1/2-1/2"]
[WhiteElo "2386"]
[BlackElo "2358"]
[PlyCount "126"]

1. d4 Nf6 2. Nf3 b5 3. a4 b4 4. c4 d6 5. Nbd2 Bb7 6. Qc2 Nbd7 7. c5 Ba6 8. c6
Nb6 9. a5 Nbd5 10. b3 Nc3 11. Bb2 e5 12. e4 Bxf1 13. Kxf1 exd4 14. Nxd4 g6 15.
Ne2 Nxe2 16. Kxe2 Bg7 17. Rhe1 O-O 18. Kf1 Rb8 19. Nc4 Ng4 20. h3 Nf6 21. Rad1
Rb5 22. Bd4 Qa8 23. e5 Nd5 24. exd6 Bxd4 25. Rxd4 Qxc6 26. Qe4 Rc5 27. Red1 Nc3
28. Qxc6 Rxc6 29. d7 Rd8 30. Re1 Kf8 31. f4 h5 32. Re5 f6 33. Re3 h4 34. Kf2
Nb5 35. Rdd3 Nd6 36. Nxd6 Rxd6 37. Rxd6 cxd6 38. Re6 Rxd7 39. Rxf6+ Kg7 40. Re6
Kf7 41. Re4 Rc7 42. Rxb4 Kf6 43. Rb5 Rc3 44. b4 Rb3 45. Rb7 Kf5 46. Rf7+ Ke4
47. Rf6 Rxb4 48. Rxd6 Rb2+ 49. Kg1 Rb1+ 50. Kh2 Kf5 51. Rd7 Ra1 52. Rf7+ Ke4
53. Rf6 Rxa5 54. Rxg6 Rf5 55. Ra6 Kxf4 56. Rxa7 Kg5 57. Kg1 Rb5 58. Ra3 Rb2 59.
Kf1 Kh5 60. Ra5+ Kg6 61. Re5 Kf6 62. Re2 Rxe2 63. Kxe2 Ke6 1/2-1/2

[Event "Superettan(Orebro-SodraSASS)"]
[Site "?"]
[Date "2009.11.14"]
[Round "2"]
[White "Winge, Stefan"]
[Black "Zetterberg, Staffan"]
[Result "1-0"]
[WhiteElo "2315"]
[BlackElo "2334"]
[PlyCount "81"]

1. e4 Nf6 2. e5 Nd5 3. d4 d6 4. Nf3 Bg4 5. Be2 e6 6. c4 Nb6 7. O-O Be7 8. Nc3
O-O 9. Be3 a5 10. b3 d5 11. c5 N6d7 12. a3 f6 13. exf6 Bxf6 14. Qc2 c6 15. Bd3
h6 16. Rfe1 Bxf3 17. gxf3 e5 18. Ne2 Na6 19. Rad1 Nc7 20. Bf5 Nb5 21. a4 exd4
22. Bf4 Nc3 23. Nxc3 dxc3 24. Be6+ Kh8 25. Qg6 Re8 26. Bd6 Be7 27. Bf7 Nf6 28.
Bxe8 c2 29. Rc1 Bxd6 30. cxd6 Qxd6 31. Bf7 Qb4 32. Qxc2 Rf8 33. Bg6 Qh4 34. Qf5
d4 35. Re7 Rg8 36. Rd1 Ng4 37. Qxg4 Qxe7 38. Rxd4 Qe1+ 39. Kg2 Qe5 40. Rd7 Rf8
41. Be4 1-0

[Event "Superettan(Orebro-SodraSASS)"]
[Site "?"]
[Date "2009.11.14"]
[Round "2"]
[White "Drugge, Patrick"]
[Black "Holmqvist, Gunnar"]
[Result "1-0"]
[WhiteElo "2275"]
[BlackElo "2249"]
[PlyCount "117"]

1. e4 e5 2. Nf3 Nc6 3. Bc4 Bc5 4. c3 Nf6 5. d3 d6 6. h3 h6 7. Nbd2 a6 8. Bb3
Qe7 9. Nf1 Nd8 10. Ne3 g6 11. O-O Ba7 12. Re1 Be6 13. d4 Bxb3 14. Qxb3 c6 15.
Nc4 Nd7 16. Qa3 Bb8 17. b3 b5 18. Na5 Bc7 19. c4 exd4 20. cxb5 cxb5 21. Bb2 Ne5
22. Nxd4 O-O 23. Rad1 Bb6 24. f4 Qc7 25. fxe5 dxe5 26. b4 Ne6 27. Kh1 Bxd4 28.
Bxd4 Nxd4 29. Qe3 Nc2 30. Rc1 Qxa5 31. bxa5 Nxe3 32. Rxe3 Rac8 33. Rec3 Ra8 34.
Rc7 Rfe8 35. R1c6 Red8 36. Kg1 Kf8 37. Kf2 Ke8 38. Rf6 Rd7 39. Rxd7 Kxd7 40.
Rxf7+ Ke6 41. Rh7 h5 42. Rg7 Kf6 43. Rc7 Ke6 44. Rc6+ Kf7 45. Rc5 Kf6 46. Ke3
Kg7 47. Rc7+ Kf6 48. Rc6+ Kf7 49. Kd3 Rd8+ 50. Kc3 Rd4 51. Rxa6 Rxe4 52. Rb6
Ra4 53. Rxb5 Rxa2 54. Kb3 Ra1 55. Rxe5 Kf6 56. Rc5 Ke6 57. Rg5 Kf6 58. h4 Kf7
59. Kb4 1-0

[Event "Superettan(Orebro-SodraSASS)"]
[Site "?"]
[Date "2009.11.14"]
[Round "2"]
[White "Ovaskainen, Jorma"]
[Black "Lind, Jan-Olov"]
[Result "0-1"]
[WhiteElo "1978"]
[BlackElo "2202"]
[PlyCount "78"]

1. d4 Nf6 2. c4 g6 3. Nc3 Bg7 4. e4 d6 5. f3 O-O 6. Be3 Nc6 7. Nge2 a6 8. Qd2
Rb8 9. Nc1 e5 10. d5 Nd4 11. Nb3 Nxb3 12. axb3 c5 13. Bd3 Nh5 14. g4 Nf4 15.
Bxf4 exf4 16. Qxf4 b5 17. cxb5 axb5 18. Nxb5 Bxb2 19. O-O Be5 20. Qd2 Bxa1 21.
Rxa1 Qf6 22. Rf1 Bd7 23. Qe2 Rb7 24. f4 Bxb5 25. Bxb5 Qd4+ 26. Rf2 Ra8 27. Bc4
Re8 28. e5 dxe5 29. fxe5 Rxe5 30. Qf3 Re3 31. Qf4 Re4 32. Qd2 Rxg4+ 33. Kf1
Qa1+ 34. Ke2 Re7+ 35. Kf3 h5 36. Qb2 Qh1+ 37. Rg2 Rxg2 38. Qxg2 Re3+ 39. Kf2
Qe1# 0-1

[Event "Superettan(Orebro-SodraSASS)"]
[Site "?"]
[Date "2009.11.14"]
[Round "2"]
[White "Jonsson, Krister"]
[Black "Johansson, Per"]
[Result "0-1"]
[WhiteElo "2015"]
[BlackElo "2025"]
[PlyCount "92"]

1. d4 d5 2. c4 c6 3. Nf3 Nf6 4. Nc3 dxc4 5. a4 Bf5 6. e3 e6 7. Bxc4 Bb4 8. O-O
Nbd7 9. Nh4 Bg6 10. f3 O-O 11. Nxg6 hxg6 12. Qc2 c5 13. Rd1 cxd4 14. exd4 Nb6
15. Bb3 Nbd5 16. Bg5 Rc8 17. Bxd5 exd5 18. Rd3 Qd7 19. Re3 Rfe8 20. Rae1 Rxe3
21. Rxe3 Rc4 22. b3 Rxd4 23. Ne2 Rd2 24. Qc1 Qc6 25. Rc3 Rd1+ 26. Qxd1 Bxc3 27.
Nxc3 Qxc3 28. Bxf6 gxf6 29. Kf1 d4 30. Ke2 Qe3+ 31. Kf1 f5 32. Qe2 f4 33. b4 d3
34. Qd1 d2 35. b5 b6 36. g3 Qd3+ 37. Kf2 Qe3+ 38. Kf1 g5 39. gxf4 Qxf4 40. Kg2
f6 41. Qe2 Qd6 42. Qd1 Qd3 43. Kf2 Kg7 44. Kg2 Kg6 45. Kf2 Kf5 46. h3 Kf4 0-1

[Event "Superettan(Orebro-SodraSASS)"]
[Site "?"]
[Date "2009.11.14"]
[Round "2"]
[White "Broden, Per"]
[Black "Sjogren, Stig"]
[Result "1-0"]
[WhiteElo "1910"]
[BlackElo "1826"]
[PlyCount "87"]

1. c4 e5 2. Nc3 Nf6 3. g3 g6 4. Bg2 Bg7 5. e3 d6 6. Nge2 c6 7. f4 Be6 8. b3 Na6
9. O-O O-O 10. Ba3 Re8 11. h3 h5 12. Rc1 Qd7 13. Kh2 Rad8 14. Qc2 Nh7 15. d4
exd4 16. Nxd4 f5 17. Rcd1 Bf7 18. e4 c5 19. Ndb5 Nb4 20. Bxb4 cxb4 21. Nd5 a6
22. Nd4 Bxd5 23. cxd5 Rc8 24. Qb1 fxe4 25. Bxe4 h4 26. g4 Nf6 27. Ne6 Rc3 28.
Rf3 Rec8 29. Rdf1 Nxe4 30. Qxe4 Rc2+ 31. R3f2 Rxf2+ 32. Rxf2 Qf7 33. Qxb4 Bf8
34. Qe4 Rc1 35. f5 Qf6 36. Nd4 Qe5+ 37. Qxe5 dxe5 38. Nf3 e4 39. Nxh4 Bc5 40.
Re2 e3 41. Kg2 g5 42. Nf3 Rd1 43. Nxg5 Rxd5 44. Ne4 1-0

[Event "Superettan(Orebro-SodraSASS)"]
[Site "?"]
[Date "2009.11.14"]
[Round "2"]
[White "Iwraeus, Love"]
[Black "Karlsson, Mikael"]
[Result "1/2-1/2"]
[WhiteElo "1920"]
[BlackElo "1910"]
[PlyCount "111"]

1. e4 c6 2. d4 d5 3. Nc3 dxe4 4. Nxe4 Nf6 5. Ng3 g6 6. Nf3 Bg4 7. Bc4 Bxf3 8.
gxf3 Nbd7 9. c3 Nb6 10. Bb3 Bg7 11. Bg5 a5 12. Qe2 a4 13. Bc2 O-O 14. O-O Qd5
15. Bxf6 exf6 16. Qe4 Rfe8 17. Qxd5 Nxd5 18. a3 f5 19. Rfe1 Kf8 20. Kf1 Nb6 21.
Rxe8+ Rxe8 22. b3 axb3 23. Bxb3 Ra8 24. Ne2 Na4 25. Rb1 b5 26. c4 Nb6 27. cxb5
cxb5 28. Nc3 Bxd4 29. Nxb5 Bc5 30. Rc1 Be7 31. Rc6 Na4 32. Nc7 Ra5 33. Nd5 Bxa3
34. Rc8+ Kg7 35. Nc7 Nb6 36. Ne8+ Kh6 37. Rc6 Nd7 38. Rc4 Kg5 39. f4+ Kh4 40.
Kg2 Bb2 41. Rc2 Ba1 42. Rd2 Nf6 43. Nxf6 Bxf6 44. Rd3 Kg4 45. Rf3 Ra1 46. h3+
Kh5 47. Bxf7 Kh6 48. Bg8 Ra8 49. Bd5 Rd8 50. Be6 Rd6 51. Bc4 Rd4 52. Be2 Be7
53. Bf1 Bd6 54. Rd3 Rxd3 55. Bxd3 Bxf4 56. f3 1/2-1/2

[Event "Superettan(Solna-Rockaden,Sthlm II)"]
[Site "?"]
[Date "2009.11.14"]
[Round "2"]
[White "Bryntze, Stefan"]
[Black "Bergstrom, Christer"]
[Result "1/2-1/2"]
[WhiteElo "2253"]
[BlackElo "2345"]
[PlyCount "42"]
[SourceDate "2009.11.18"]

1. f4 c5 2. Nf3 Nc6 3. b3 d5 4. e3 Nf6 5. Bb5 g6 6. Bb2 Bg7 7. O-O O-O 8. Bxc6
bxc6 9. d3 Qb6 10. Qe2 c4 11. dxc4 dxc4 12. Nbd2 Ba6 13. Nxc4 Bxc4 14. Qxc4
Qxe3+ 15. Kh1 Ng4 16. Bxg7 Kxg7 17. Rae1 Nf2+ 18. Kg1 Nh3+ 19. Kh1 Nf2+ 20. Kg1
Nh3+ 21. Kh1 Nf2+ 1/2-1/2

[Event "Superettan(Solna-Rockaden,Sthlm II)"]
[Site "?"]
[Date "2009.11.14"]
[Round "2"]
[White "Lindberg, Bengt"]
[Black "Sandbom, Jonas"]
[Result "1-0"]
[WhiteElo "2444"]
[BlackElo "2214"]
[PlyCount "121"]

1. e4 c5 2. Nf3 e6 3. d4 cxd4 4. Nxd4 Nf6 5. Nc3 d6 6. Be3 Nc6 7. Qd2 Be7 8. f3
O-O 9. O-O-O d5 10. exd5 Nxd5 11. Nxd5 exd5 12. Kb1 Bf6 13. Bb5 Nxd4 14. Bxd4
Bxd4 15. Qxd4 Be6 16. Rhe1 Qc7 17. Re5 Rac8 18. Bd3 a6 19. Rde1 Rfe8 20. Qxd5
g6 21. Qe4 Red8 22. g4 Qb6 23. Qe3 Qxe3 24. R1xe3 Rc7 25. b3 Bd5 26. f4 Bc6 27.
f5 Kg7 28. g5 gxf5 29. Bxf5 Rd1+ 30. Kb2 Rg1 31. Bd3 h6 32. gxh6+ Kxh6 33. Re7
Rxe7 34. Rxe7 Rg7 35. Rc7 Bf3 36. Kc3 Kg5 37. Kd4 Kf6 38. Ke3 Bg2 39. a4 Ke5
40. a5 Kd6 41. Rc4 Rg5 42. b4 Bd5 43. Rh4 Rg1 44. Kd4 Be6 45. Rf4 Rb1 46. c3
Rb2 47. h4 Rh2 48. Be4 Kc7 49. c4 b6 50. axb6+ Kxb6 51. Bd5 Bxd5 52. Kxd5 Rd2+
53. Ke5 Rb2 54. c5+ Kb5 55. Kf6 a5 56. bxa5 Kxc5 57. Kxf7 Kb5 58. Rf5+ Ka6 59.
h5 Rh2 60. Kg6 Rg2+ 61. Rg5 1-0

[Event "Superettan(Solna-Rockaden,Sthlm II)"]
[Site "?"]
[Date "2009.11.14"]
[Round "2"]
[White "Berggren, Jonatan"]
[Black "Karlsson, Tomas"]
[Result "1-0"]
[WhiteElo "2184"]
[BlackElo "2300"]
[PlyCount "61"]

1. e4 e6 2. d4 d5 3. e5 c5 4. c3 Nc6 5. Nf3 Qb6 6. a3 Nh6 7. b4 cxd4 8. cxd4
Nf5 9. Bb2 Bd7 10. g4 Nfe7 11. Nc3 f6 12. Na4 Qc7 13. Rc1 a6 14. Bd3 b6 15. Qc2
h6 16. O-O Qb7 17. Nc3 b5 18. Bg6+ Kd8 19. Bf7 f5 20. gxf5 Nxf5 21. Nxd5 Nxb4
22. axb4 Qxd5 23. Qxf5 Bxb4 24. Nh4 Rf8 25. Ng6 Qb7 26. Qf4 Bd2 27. Bc3 Bc6 28.
Ba5+ Bxa5 29. Nxf8 Ke7 30. Ng6+ Kd8 31. Bg8 1-0

[Event "Superettan(Solna-Rockaden,Sthlm II)"]
[Site "?"]
[Date "2009.11.14"]
[Round "2"]
[White "Jonsson, Mikael"]
[Black "Backman, Michael"]
[Result "1-0"]
[WhiteElo "2327"]
[BlackElo "2182"]
[PlyCount "71"]

1. e4 c6 2. d4 d5 3. e5 c5 4. dxc5 e6 5. Nf3 Bxc5 6. Bd3 Ne7 7. c3 a6 8. Qa4+
Nbc6 9. Qg4 Ng6 10. O-O f5 11. Qh5 Kd7 12. Re1 Kc7 13. Na3 Ba7 14. b4 d4 15.
Bg5 Qe8 16. b5 Qf8 17. Nc2 axb5 18. Ncxd4 Bxd4 19. cxd4 b4 20. Bb5 Ra5 21. Bxc6
bxc6 22. Bd2 Ra4 23. Ng5 Ne7 24. Qd1 Ra8 25. Bxb4 h6 26. Nf3 Qd8 27. Bd6+ Kd7
28. Nd2 Nd5 29. Qc2 Ba6 30. Rec1 Rc8 31. Nb3 c5 32. Nxc5+ Rxc5 33. Qxc5 Qa8 34.
Qa5 Ke8 35. Rc7 h5 36. Qa4+ 1-0

[Event "Superettan(Solna-Rockaden,Sthlm II)"]
[Site "?"]
[Date "2009.11.14"]
[Round "2"]
[White "Todorovic, Zoran"]
[Black "Johansson, Gunnar"]
[Result "0-1"]
[WhiteElo "2168"]
[BlackElo "2277"]
[PlyCount "112"]

1. e4 c5 2. Nf3 e6 3. d4 cxd4 4. Nxd4 Nc6 5. Nxc6 bxc6 6. Bd3 d5 7. O-O Nf6 8.
Nd2 Be7 9. Qe2 Nd7 10. c4 O-O 11. cxd5 cxd5 12. exd5 Nc5 13. Bc4 exd5 14. Bxd5
Qxd5 15. Qxe7 Ba6 16. b4 Bxf1 17. Nxf1 Qd4 18. Rb1 Qd3 19. Be3 Qxb1 20. Qxc5
Qxa2 21. g4 Rfc8 22. Qg5 h6 23. Qf5 Qe6 24. Qf3 Qb3 25. Ng3 Qxb4 26. Nf5 a5 27.
Bd4 Rab8 28. h3 Qb7 29. Qf4 Qc7 30. Nxh6+ Kf8 31. Bc5+ Ke8 32. Qe4+ Kd8 33.
Qd5+ Ke8 34. Qe4+ Kd8 35. Qd5+ Qd7 36. Nxf7+ Kc7 37. Bd6+ Kb6 38. Qd4+ Ka6 39.
Qd3+ Qb5 40. Qg6 Qb1+ 41. Qxb1 Rxb1+ 42. Kg2 a4 43. h4 Rc4 44. f3 Rc3 45. h5 a3
46. Bxa3 Rxa3 47. Kg3 Rb7 48. Ng5 Kb5 49. Kf4 Kc6 50. Ne6 Kd6 51. Ng5 Ke7 52.
Kg3 Rb4 53. Nh3 Kf6 54. Kf2 Rxg4 55. fxg4 Rxh3 56. Kg2 Rc3 0-1

[Event "Superettan(Solna-Rockaden,Sthlm II)"]
[Site "?"]
[Date "2009.11.14"]
[Round "2"]
[White "Callergard, Robert"]
[Black "Revelj, Oskar"]
[Result "1-0"]
[WhiteElo "2280"]
[BlackElo "2114"]
[PlyCount "85"]

1. Nf3 c5 2. c4 Nf6 3. b3 g6 4. Bb2 Bg7 5. g3 b6 6. Bg2 Bb7 7. O-O O-O 8. Nc3
Nc6 9. d4 Nxd4 10. Nxd4 Bxg2 11. Kxg2 cxd4 12. Qxd4 Ne8 13. Qd2 Nc7 14. Rac1
Rc8 15. Rfd1 d6 16. e4 Qd7 17. Qe2 Rfd8 18. Rd2 Qe8 19. h4 h5 20. f4 e5 21. f5
Bh6 22. Rf1 Bxd2 23. Qxd2 Rd7 24. Ba3 Rcd8 25. Qg5 Qe7 26. Qh6 Qf8 27. Qg5 Qg7
28. f6 Qh7 29. Rf2 Ne6 30. Qe3 Kh8 31. Bc1 Rg8 32. Qe2 g5 33. hxg5 h4 34. Qg4
Nxg5 35. Bxg5 h3+ 36. Kh2 Rdd8 37. Nd5 b5 38. Ne7 bxc4 39. bxc4 Rge8 40. Bd2
Rb8 41. Rf5 Rb2 42. Rh5 Rxd2+ 43. Kxh3 1-0

[Event "Superettan(Solna-Rockaden,Sthlm II)"]
[Site "?"]
[Date "2009.11.14"]
[Round "2"]
[White "Heden, Gustav"]
[Black "Landgren, Andreas"]
[Result "1/2-1/2"]
[WhiteElo "2026"]
[BlackElo "2220"]
[PlyCount "44"]

1. c4 c5 2. Nc3 Nc6 3. g3 g6 4. Bg2 Bg7 5. e3 d6 6. Nge2 e5 7. O-O Nge7 8. d4
exd4 9. exd4 O-O 10. Bg5 cxd4 11. Nb5 Qb6 12. Nexd4 Nxd4 13. Bxe7 Re8 14. Bg5
Nxb5 15. cxb5 Qxb5 16. Be3 Be6 17. a4 Qd7 18. Qd2 d5 19. Rfd1 b6 20. a5 Rab8
21. axb6 axb6 22. Bxd5 Qxd5 1/2-1/2

[Event "Superettan(Solna-Rockaden,Sthlm II)"]
[Site "?"]
[Date "2009.11.14"]
[Round "2"]
[White "Dalmau, Jorgen"]
[Black "Olund, Joar"]
[Result "1/2-1/2"]
[WhiteElo "2201"]
[BlackElo "1934"]
[PlyCount "123"]

1. e4 g6 2. d4 Bg7 3. Nc3 d6 4. Be3 a6 5. a4 Nf6 6. h3 b6 7. f4 Bb7 8. Bd3 O-O
9. Nf3 Nbd7 10. e5 Nd5 11. Nxd5 Bxd5 12. O-O c5 13. Qe2 Qc8 14. c4 Bxf3 15.
Rxf3 cxd4 16. Bxd4 dxe5 17. Bf2 f5 18. fxe5 Nxe5 19. Re3 Qc7 20. Re1 Rad8 21.
Bc2 Nc6 22. Re6 Nd4 23. Bxd4 Bxd4+ 24. Kh1 Bf6 25. b4 Kh8 26. Bb3 Qf4 27. Rf1
Qd4 28. c5 Qxb4 29. Rxb6 Qxc5 30. Qxa6 Rb8 31. Rc6 Qb4 32. Bd5 Ra8 33. Rb6 Rxa6
34. Rxb4 Rd8 35. Bc4 Rc6 36. Bb5 Rc2 37. Rc4 Rxc4 38. Bxc4 Rd4 39. Bb5 Rb4 40.
Rd1 Kg7 41. Bc6 Bc3 42. Kg1 Rb3 43. Kf1 e5 44. Rd7+ Kh6 45. Bd5 Rb1+ 46. Ke2 e4
47. Rb7 Re1+ 48. Kf2 f4 49. Re7 e3+ 50. Kf3 Rf1+ 51. Kg4 Bf6 52. Re8 e2 53.
Rxe2 Kg7 54. Bf3 Ra1 55. Re4 g5 56. Kf5 Rc1 57. Rb4 Rc5+ 58. Ke6 Re5+ 59. Kd7
Ra5 60. Bc6 h5 61. Rb5 Rxa4 62. Rxg5+ 1/2-1/2

[Event "Superettan(Manhem II-Mark)"]
[Site "?"]
[Date "2009.12.05"]
[Round "3"]
[White "Mohammadi, Amir"]
[Black "Andersson, Goran"]
[Result "1-0"]
[WhiteElo "2328"]
[BlackElo "2205"]
[PlyCount "117"]
[SourceDate "2009.12.05"]

1. e4 c5 2. Nc3 e6 3. g3 d5 4. exd5 exd5 5. Bg2 Nf6 6. Nge2 d4 7. Ne4 Nxe4 8.
Bxe4 Nd7 9. O-O Nf6 10. Bg2 Bd6 11. d3 O-O 12. Nf4 Bg4 13. Bf3 Bxf3 14. Qxf3
Qd7 15. Bd2 Rfe8 16. Rfe1 Rad8 17. Kg2 Qb5 18. b3 Bxf4 19. Bxf4 Nd5 20. Rxe8+
Qxe8 21. Bd2 Qc6 22. Re1 Rd6 23. Re5 f6 24. Re4 Re6 25. a3 Rxe4 26. Qxe4 f5 27.
Qf3 Qe6 28. Kf1 b6 29. h3 a5 30. Kg2 h6 31. h4 Kh7 32. Kf1 g6 33. Qd1 Qe5 34.
Qc1 Qg7 35. Bf4 Nxf4 36. Qxf4 Qe7 37. h5 Qe6 38. Qc7+ Kg8 39. hxg6 Qxg6 40. b4
cxb4 41. axb4 Qf6 42. bxa5 bxa5 43. Qxa5 Kf7 44. Qd5+ Kf8 45. Kg2 Kg7 46. f4
Qb6 47. Qxf5 Qc6+ 48. Kg1 Qc3 49. Qe5+ Kh7 50. Qe2 Kg6 51. Kg2 Qb2 52. Kf3 Qa1
53. Kg2 Qb2 54. g4 Kg7 55. f5 Kf6 56. Qe6+ Kg5 57. Kf3 Qb7+ 58. Qe4 Qg7 59.
Qf4+ 1-0